| 000 | 00569nam a22001817a 4500 | ||
|---|---|---|---|
| 008 | 161011b xxu||||| |||| 00| 0 eng d | ||
| 020 | _a9780321577290 | ||
| 050 | _aQA 152.3 .C37 2011 | ||
| 100 | _aCarson, Tom | ||
| 245 |
_aElementary algebra/ _cTom Carson and Bill Jordan. |
||
| 250 | _a3rd ed. | ||
| 260 |
_aBoston : _bPearson Addison Wesley ; _c2011. |
||
| 300 |
_axxv, 754p. : _bill. ; _c28cm. |
||
| 500 | _aIncludes appendix and index. | ||
| 650 |
_aAlgebra _xtextbooks. |
||
| 700 | _aJordan, Bill | ||
| 942 |
_2lcc _cBOOKS _hQA 152.3 .C37 2011 |
||
| 999 |
_c14961 _d14961 |
||